LIBRARY ONLINE CATALOGUE

Dorland's illustrated medical dictionary : (Record no. 14973)

MARC details
000 -LEADER
fixed length control field 00636cam a22002172 4500
001 - CONTROL NUMBER
control field 0000004858
005 - DATE AND TIME OF LATEST TRANSACTION
control field 20151217161135.0
008 - FIXED-LENGTH DATA ELEMENTS--GENERAL INFORMATION
fixed length control field 070530s xx 000 0 eng d
020 ## - INTERNATIONAL STANDARD BOOK NUMBER
International Standard Book Number 0721616453 :
Terms of availability KES 700
040 ## - CATALOGING SOURCE
Original cataloging agency KABU
Transcribing agency KABU
050 #0 - LIBRARY OF CONGRESS CALL NUMBER
Classification number R121
Item number .D67 1981
245 10 - TITLE STATEMENT
Title Dorland's illustrated medical dictionary :
250 ## - EDITION STATEMENT
Edition statement 26th ed.
260 ## - PUBLICATION, DISTRIBUTION, ETC. (IMPRINT)
Place of publication, distribution, etc. London :
Name of publisher, distributor, etc. W. B. Saunders,
Date of publication, distribution, etc. 1981.
300 ## - PHYSICAL DESCRIPTION
Extent xxix, 1485 p.
650 #0 - SUBJECT ADDED ENTRY--TOPICAL TERM
Topical term or geographic name as entry element Medicine
Form subdivision Dictionaries.
-- 0000155739
700 1# - ADDED ENTRY--PERSONAL NAME
Personal name Dorland, William Alexander.
-- 0000155740
908 ## - PUT COMMAND PARAMETER (RLIN)
Put command parameter 070530
950 ## - LOCAL HOLDINGS (RLIN)
-- 1
Holdings
Withdrawn status Lost status Source of classification or shelving scheme Not for loan Home library Current library Date acquired Total Checkouts Full call number Barcode Date last seen Price effective from Koha item type
    Library of Congress Classification Not For Loan Kabarak, Main Campus Kabarak, Main Campus 17/12/2015   R121 .D67 1981 009997 17/12/2015 17/12/2015 Reference